000
00287nam a2200109Ia 4500
001
1275930
005
20260417160437.0
008
260417s9999 xx 000 0 und d
020
_a
9786256495180
245
0
_a
Hasan Tahsin ve Gizli Pelerin
_c
Büşra Şen Altun
260
_b
Ketebe Çocuk
999
_c
1275930
_d
1275930